Cold Feet (Record no. 186166)

MARC details
000 -LÍDER
campo de controle de tamanho fixo 00286 a2200145 4500
001 - NÚMERO DE CONTROLE
campo de controle 186166
020 ## - ISBN - INTERNATIONAL STANDARD BOOK NUMBER
ISBN - International Standard Book Number 84-294-4921-3
040 ## - FONTE DA CATALOGAÇÃO
Instituição que transcreveu o registro Magnum
100 ## - ENTRADA PRINCIPAL--NOME PESSOAL
Nome pessoal Smith, Rod
240 10 - TÍTULO UNIFORME
Título uniforme Cold Feet
Idioma da obra ING
245 10 - TÍTULO
Título Cold Feet
300 ## - DESCRIÇÃO FÍSICA
Extensão 77
697 ## - ENTRADA DE ASSUNTO LOCAL--ENTIDADE COLETIVA (RLIN)
Nome corporativo ou nome da jurisdição LITERATURA INGLESA
942 ## - ELEMENTOS DE ENTRADA ADICIONADOS (KOHA)
Tipo de material Koha Livros
Holdings
Situação do descarte Situação das perdas Situação física Não pode ser emprestado Biblioteca de origem Biblioteca atual Data de aquisição Total de empréstimos Número de chamada completo Código de barras Data de último acesso Data do preço efetivo Tipo de material Koha
        Magnum Magnum 08/06/2024   890.1.131 MAG00052339 08/06/2024 08/06/2024 Livros